Joytri-bindhu Upanishad / (Record no. 1237793)

MARC details
000 -LEADER
fixed length control field 00856nam a2200289 a 4500
001 - CONTROL NUMBER
control field vtls001802192
003 - CONTROL NUMBER IDENTIFIER
control field NLI
005 - DATE AND TIME OF LATEST TRANSACTION
control field 20210629045808.0
008 - FIXED-LENGTH DATA ELEMENTS--GENERAL INFORMATION
fixed length control field 140215s1937 ii 000 0 eng
039 #9 - LEVEL OF BIBLIOGRAPHIC CONTROL AND CODING DETAIL [OBSOLETE]
-- 201402152254
-- VLOAD
040 ## - CATALOGING SOURCE
Original cataloging agency NLI
Language of cataloging eng
Transcribing agency Entertech IMP - 2013
Description conventions AACR2
041 0# - LANGUAGE CODE
Language code of text/sound track or separate title eng
044 ## - COUNTRY OF PUBLISHING/PRODUCING ENTITY CODE
MARC country code ii
082 ## - DEWEY DECIMAL CLASSIFICATION NUMBER
Classification number 178
100 0# - MAIN ENTRY--PERSONAL NAME
Personal name Sivananda,
Titles and words associated with a name Swami,
Dates associated with a name 1887-
9 (RLIN) 1166083
245 10 - TITLE STATEMENT
Title Joytri-bindhu Upanishad /
Statement of responsibility, etc. commantary by Swami Sivananda Saraswati
260 ## - PUBLICATION, DISTRIBUTION, ETC.
Place of publication, distribution, etc. Rishikesh :
Name of publisher, distributor, etc. [s.n.],
Date of publication, distribution, etc. 1937
300 ## - PHYSICAL DESCRIPTION
Extent 22 p. ;
Dimensions 19 cm.
440 #0 - SERIES STATEMENT/ADDED ENTRY--TITLE
Title Practical Vedanta series ;
Volume/sequential designation 1
9 (RLIN) 1186559
500 ## - GENERAL NOTE
General note Bound with other pamphlets
700 0# - ADDED ENTRY--PERSONAL NAME
Personal name Sivananda,
Titles and other words associated with a name Swami,
Dates associated with a name 1887,
Relationship cmm
9 (RLIN) 1166083
887 ## - NON-MARC INFORMATION FIELD
Content of non-MARC field
901 ## - LOCAL DATA ELEMENT A, LDA (RLIN)
a IMP43362
902 ## - LOCAL DATA ELEMENT B, LDB (RLIN)
a 178 C. 1341[10]
949 ## - LOCAL PROCESSING INFORMATION (OCLC)
-- VIRTUAITEM
-- 10000
-- 100
6 IMP000043362ENG
942 ## - ADDED ENTRY ELEMENTS (KOHA)
Source of classification or shelving scheme Dewey Decimal Classification
Koha item type Books
Holdings
Withdrawn status Lost status Damaged status Not for loan Home library Current library Date acquired Total Checkouts Full call number Barcode Date last seen Price effective from Koha item type
        National Library of India National Library of India     178 C. 1341[10] IMP000043362ENG 29/06/2021 29/06/2021 Books
                                                                           
web counter

Copyright ©2020 The National Library of India, Govt. of India ↔ Hosted by NVLI, MOC ↔ Technology and Design by National Library of India, Ministry of Culture, Govt. of India